[Event "8th Sinquefield Cup 2021"]
[Site "Saint Louis USA"]
[Date "2021.08.21"]
[Round "5"]
[White "Xiong, Jeffery"]
[Black "Caruana, Fabiano"]
[Result "1-0"]
[WhiteTitle "GM"]
[BlackTitle "GM"]
[WhiteElo "2710"]
[BlackElo "2806"]
[WhiteFideId "2047640"]
[BlackFideId "2020009"]
[EventDate "2021.08.16"]
[PlyCount "72"]

1. Nf3 d5 2. g3 c5 3. Bg2 e6 4. O-O Nf6 5. d4 cxd4 6. Nxd4 e5 7. Nb3 a5 8. Bg5 a4 9. Nc1 Be6 10. e4 d4 11. f4 Be7 12. Nd3 Nc6 13. Bf3 Nd7 14. Bxe7 Qxe7 15. Nd2 b5 16. b3 f6 17. Bh5+ g6 18. f5 Bf7 19. fxg6 hxg6 20. Bg4 Be6 21. Bxe6 Qxe6 22. Nf3 g5 23. Qe2 Nd8 24. Nb4 Rb8 25. Nd5 O-O 26. h4 Nf7 27. hxg5 fxg5 28. Rf2 Nb6 29. Qxb5 Nxd5 30. Qxd5 Qxd5 31. exd5 axb3 32. axb3 d3 33. cxd3 Rxb3 34. Ra6 Rd8 35. Rg6+ Kh7 36. Rf6 Rxd3 1-0

[Event "8th Sinquefield Cup 2021"]
[Site "Saint Louis USA"]
[Date "2021.08.21"]
[Round "5"]
[White "So, Wesley"]
[Black "Rapport, Richard"]
[Result "1/2-1/2"]
[WhiteTitle "GM"]
[BlackTitle "GM"]
[WhiteElo "2772"]
[BlackElo "2763"]
[WhiteFideId "5202213"]
[BlackFideId "738590"]
[EventDate "2021.08.16"]
[PlyCount "33"]

1. e4 e5 2. Nf3 Nc6 3. Bb5 Nf6 4. O-O Nxe4 5. Re1 Nd6 6. Nxe5 Be7 7. Bf1 Nf5 8. c3 Nxe5 9. Rxe5 d6 10. Re1 O-O 11. d4 d5 12. Bf4 Bd6 13. Qf3 Nh4 14. Qe3 Nf5 15. Qf3 Nh4 16. Qg3 Nf5 17. Qf3 1/2-1/2

[Event "8th Sinquefield Cup 2021"]
[Site "Saint Louis USA"]
[Date "2021.08.23"]
[Round "6"]
[White "Caruana, Fabiano"]
[Black "Vachier-Lagrave, Maxime"]
[Result "1/2-1/2"]
[WhiteTitle "GM"]
[BlackTitle "GM"]
[WhiteElo "2806"]
[BlackElo "2751"]
[WhiteFideId "2020009"]
[BlackFideId "623539"]
[EventDate "2021.08.16"]
[PlyCount "91"]

1. e4 c5 2. Nf3 d6 3. d4 cxd4 4. Nxd4 Nf6 5. Nc3 a6 6. Be3 e5 7. Nb3 Be6 8. f3 Be7 9. Qd2 O-O 10. O-O-O Nbd7 11. g4 b5 12. g5 Nh5 13. Kb1 Nb6 14. Na5 Rc8 15. a3 g6 16. h4 Ng3 17. Rg1 Nxf1 18. Rgxf1 Na4 19. Nxa4 bxa4 20. h5 Qc7 21. Rh1 Rfe8 22. Qh2 Bf8 23. c4 Re7 24. Bd2 Bxc4 25. Bb4 Rd7 26. f4 Bb5 27. hxg6 fxg6 28. f5 Rg7 29. f6 Rf7 30. Qd2 Qd7 31. Qd5 Be2 32. Rc1 Rxc1+ 33. Rxc1 h5 34. Nc4 Bxc4 35. Rxc4 h4 36. Rc2 h3 37. Ka2 Kh8 38. Rd2 Rh7 39. Bxd6 Qxd6 40. Qxd6 Bxd6 41. Rxd6 Kg8 42. Rd8+ Kf7 43. Rd7+ Kg8 44. Rd8+ Kf7 45. Rd7+ Kg8 46. Rd8+ 1/2-1/2

[Event "8th Sinquefield Cup 2021"]
[Site "Saint Louis USA"]
[Date "2021.08.23"]
[Round "6"]
[White "Dominguez Perez, Leinier"]
[Black "Svidler, Peter"]
[Result "1/2-1/2"]
[WhiteTitle "GM"]
[BlackTitle "GM"]
[WhiteElo "2758"]
[BlackElo "2714"]
[WhiteFideId "3503240"]
[BlackFideId "4102142"]
[EventDate "2021.08.16"]
[PlyCount "70"]

1. e4 e5 2. Nf3 Nc6 3. Bc4 Bc5 4. c3 Nf6 5. d3 d6 6. Bg5 h6 7. Bh4 Qe7 8. O-O a6 9. b4 Ba7 10. Nbd2 g5 11. Bg3 Nh7 12. a4 h5 13. h4 g4 14. Ne1 Nf8 15. Nc2 Ng6 16. Ne3 Be6 17. b5 Nd8 18. d4 Nxh4 19. dxe5 dxe5 20. Bxe5 O-O 21. Bxe6 fxe6 22. Bd4 c5 23. bxc6 Nxc6 24. Bxa7 Rxa7 25. Ndc4 Rd8 26. Qb3 Raa8 27. Rfd1 Kh8 28. Rab1 Rxd1+ 29. Qxd1 Rd8 30. Qb3 Ng6 31. Rb2 Rd7 32. Nb6 Rd8 33. Nbc4 Rd7 34. Nb6 Rd8 35. Nbc4 Rd7 1/2-1/2

[Event "8th Sinquefield Cup 2021"]
[Site "Saint Louis USA"]
[Date "2021.08.23"]
[Round "6"]
[White "Xiong, Jeffery"]
[Black "So, Wesley"]
[Result "1/2-1/2"]
[WhiteTitle "GM"]
[BlackTitle "GM"]
[WhiteElo "2710"]
[BlackElo "2772"]
[WhiteFideId "2047640"]
[BlackFideId "5202213"]
[EventDate "2021.08.16"]
[PlyCount "111"]

1. d4 Nf6 2. Nf3 d5 3. Bf4 e6 4. e3 Bd6 5. Nbd2 O-O 6. Bd3 c5 7. dxc5 Bxc5 8. O-O Nbd7 9. c4 b6 10. Rc1 Bb7 11. Qe2 Rc8 12. Rfd1 Qe7 13. cxd5 e5 14. Bg5 Bxd5 15. Ba6 Rcd8 16. Nc4 Bc6 17. a3 h6 18. Bh4 Ba4 19. Re1 e4 20. Nd4 Bxd4 21. exd4 Nb8 22. Ne3 Nxa6 23. Qxa6 Qd7 24. Qc4 Rc8 25. Qb4 Nh5 26. Bg3 Bc6 27. d5 Bb7 28. Qxe4 Nf6 29. Qd3 Nxd5 30. Rxc8 Rxc8 31. Nf5 Re8 32. Rxe8+ Qxe8 33. h3 Qd7 34. Bb8 Bc6 35. Bg3 Nf6 36. Qxd7 Bxd7 37. Nd4 Nd5 38. Kf1 Ne7 39. Bb8 a6 40. Bc7 b5 41. Ke2 f6 42. Kd3 Kf7 43. Ke4 g6 44. f3 Nf5 45. Nxf5 Bxf5+ 46. Kd4 b4 47. axb4 h5 48. g4 Bd7 49. Ke3 hxg4 50. hxg4 f5 51. gxf5 Bxf5 52. Kd4 Bd7 53. Ke3 Bf5 54. Kd4 Be6 55. Ke3 Bf5 56. Kd4 1/2-1/2

[Event "8th Sinquefield Cup 2021"]
[Site "Saint Louis USA"]
[Date "2021.08.23"]
[Round "6"]
[White "Shankland, Sam"]
[Black "Rapport, Richard"]
[Result "1/2-1/2"]
[WhiteTitle "GM"]
[BlackTitle "GM"]
[WhiteElo "2709"]
[BlackElo "2763"]
[WhiteFideId "2004887"]
[BlackFideId "738590"]
[EventDate "2021.08.16"]
[PlyCount "93"]

1. e4 e5 2. Nf3 Nc6 3. d4 exd4 4. Nxd4 Bc5 5. Nb3 Bb6 6. Qe2 Qf6 7. Nc3 Nge7 8. h4 d6 9. Bg5 Qe6 10. O-O-O Bd7 11. Qd2 O-O-O 12. f3 h6 13. Be3 Bxe3 14. Qxe3 Kb8 15. Bb5 f5 16. Qd2 fxe4 17. Rhe1 Qg6 18. Rxe4 a6 19. Bf1 Rhe8 20. Rde1 Nf5 21. Bd3 Rxe4 22. Bxe4 Qg3 23. h5 Re8 24. Nd5 Qg5 25. Qxg5 hxg5 26. Kd2 Ng3 27. Bg6 Rh8 28. f4 gxf4 29. Nxf4 Ne5 30. Nc1 Bc6 31. Ncd3 Nxh5 32. Bxh5 Nxd3 33. Kxd3 g5 34. Bf3 gxf4 35. Bxc6 bxc6 36. Re2 d5 37. Rf2 Rg8 38. Kd4 Rg5 39. Kc5 Kb7 40. Rxf4 Rxg2 41. Rb4+ Kc8 42. Kxc6 Rxc2+ 43. Kxd5 Rd2+ 44. Kc6 Rc2+ 45. Kd5 Rd2+ 46. Kc6 Rc2+ 47. Kd5 1/2-1/2

[Event "8th Sinquefield Cup 2021"]
[Site "Saint Louis USA"]
[Date "2021.08.23"]
[Round "6"]
[White "Swiercz, Dariusz"]
[Black "Mamedyarov, Shakhriyar"]
[Result "1/2-1/2"]
[WhiteTitle "GM"]
[BlackTitle "GM"]
[WhiteElo "2655"]
[BlackElo "2782"]
[WhiteFideId "1126881"]
[BlackFideId "13401319"]
[EventDate "2021.08.16"]
[PlyCount "83"]

1. e4 e5 2. Nf3 Nc6 3. Bb5 Nf6 4. O-O Nxe4 5. Re1 Nd6 6. Nxe5 Be7 7. Bf1 Nxe5 8. Rxe5 O-O 9. Nc3 Ne8 10. Nd5 Bd6 11. Re1 Nf6 12. Nxf6+ Qxf6 13. d4 b6 14. Qg4 Bb7 15. Bd3 h6 16. Bd2 c5 17. Bc3 Qf4 18. Qxf4 Bxf4 19. dxc5 bxc5 20. Be5 Bxe5 21. Rxe5 d6 22. Re7 Bd5 23. Rd1 Bxa2 24. b3 d5 25. Bb5 c4 26. Ba4 Rab8 27. Rxa7 Rfd8 28. bxc4 Bxc4 29. h3 Rb2 30. Rc7 Rdb8 31. Bb3 Bxb3 32. cxb3 R2xb3 33. Rxd5 R3b7 34. Rdd7 Rxc7 35. Rxc7 g5 36. g4 Kg7 37. Kg2 Kg6 38. Rc6+ Kg7 39. Rc7 Kg6 40. Rc6+ Kg7 41. Rc7 Kg6 42. Rc6+ 1/2-1/2

[Event "8th Sinquefield Cup 2021"]
[Site "Saint Louis USA"]
[Date "2021.08.24"]
[Round "7"]
[White "Rapport, Richard"]
[Black "Dominguez Perez, Leinier"]
[Result "1/2-1/2"]
[WhiteTitle "GM"]
[BlackTitle "GM"]
[WhiteElo "2763"]
[BlackElo "2758"]
[WhiteFideId "738590"]
[BlackFideId "3503240"]
[EventDate "2021.08.16"]
[PlyCount "89"]

1. d4 d5 2. c4 dxc4 3. Nf3 Nf6 4. Qa4+ Nc6 5. Qxc4 e5 6. Nxe5 Nxe5 7. dxe5 Ng4 8. Bf4 c6 9. e3 g5 10. Bg3 Qa5+ 11. Nd2 Be6 12. Qc2 O-O-O 13. O-O-O Bb4 14. a3 Bxd2+ 15. Rxd2 Bb3 16. Qf5+ Be6 17. Qc2 Bb3 18. Qc3 Qxc3+ 19. bxc3 Rxd2 20. Kxd2 Rd8+ 21. Ke2 Rd5 22. h4 Bc4+ 23. Kf3 Nxe5+ 24. Bxe5 Bxf1 25. Bd4 Rf5+ 26. Kg3 gxh4+ 27. Rxh4 Rg5+ 28. Rg4 Rxg4+ 29. Kxg4 Bxg2 30. Bxa7 b5 31. Kg5 Kd7 32. Kh6 Be4 33. f3 Bxf3 34. Kxh7 Ke6 35. Kg7 f5 36. Kf8 Kd5 37. Ke7 Kc4 38. Kd6 Kxc3 39. Bb6 Kb3 40. Bc5 Be4 41. Ke5 Kc4 42. Kd6 Kb3 43. Ke5 Kc4 44. Kd6 Kb3 45. Ke5 1/2-1/2

[Event "8th Sinquefield Cup 2021"]
[Site "Saint Louis USA"]
[Date "2021.08.24"]
[Round "7"]
[White "So, Wesley"]
[Black "Shankland, Sam"]
[Result "1/2-1/2"]
[WhiteTitle "GM"]
[BlackTitle "GM"]
[WhiteElo "2772"]
[BlackElo "2709"]
[WhiteFideId "5202213"]
[BlackFideId "2004887"]
[EventDate "2021.08.16"]
[PlyCount "68"]

1. c4 e5 2. g3 c6 3. Nf3 e4 4. Nd4 d5 5. cxd5 Qxd5 6. Nc2 Nf6 7. Nc3 Qe5 8. Bg2 Na6 9. O-O Be7 10. d4 exd3 11. Qxd3 O-O 12. Rd1 Qh5 13. Qe3 Re8 14. Qg5 Qxg5 15. Bxg5 Nc7 16. Bf4 Ne6 17. Bd6 Kf8 18. e4 Rd8 19. Bxe7+ Kxe7 20. e5 Ne8 21. Ne3 a5 22. Rxd8 Nxd8 23. Rd1 f6 24. exf6+ Nxf6 25. f4 Be6 26. f5 Bd7 27. g4 Nf7 28. h4 h6 29. Kf2 Rg8 30. Kg3 Nd6 31. Re1 Kd8 32. Rd1 Ke7 33. Re1 Kd8 34. Rd1 Ke7 1/2-1/2

[Event "8th Sinquefield Cup 2021"]
[Site "Saint Louis USA"]
[Date "2021.08.24"]
[Round "7"]
[White "Mamedyarov, Shakhriyar"]
[Black "Caruana, Fabiano"]
[Result "0-1"]
[WhiteTitle "GM"]
[BlackTitle "GM"]
[WhiteElo "2782"]
[BlackElo "2806"]
[WhiteFideId "13401319"]
[BlackFideId "2020009"]
[EventDate "2021.08.16"]
[PlyCount "76"]

1. d4 Nf6 2. c4 e6 3. Nc3 Bb4 4. f3 c5 5. d5 d6 6. e4 b5 7. Bd2 Bxc3 8. Bxc3 b4 9. Bd2 O-O 10. Ne2 exd5 11. exd5 Nh5 12. Kf2 f5 13. Nf4 Nxf4 14. Bxf4 g5 15. Bc1 Nd7 16. f4 Nf6 17. Kg1 Ne4 18. fxg5 f4 19. Bd3 Qe7 20. Qe2 Bf5 21. Bxf4 Qg7 22. Rf1 Bg6 23. h3 Rae8 24. Qc2 Qd4+ 25. Kh2 Rf7 26. Qe2 Nf6 27. Qd1 Bxd3 28. gxf6 Bxf1 29. Qg4+ Kh8 30. Rxf1 Rxf6 31. Rf3 Rg8 32. Qh4 Qxb2 33. Rg3 Rxg3 34. Bxg3 Qd4 35. Qh5 Qe4 36. Qg5 Qg6 37. Qe3 Qf7 38. Qb3 Rg6 0-1

[Event "8th Sinquefield Cup 2021"]
[Site "Saint Louis USA"]
[Date "2021.08.24"]
[Round "7"]
[White "Svidler, Peter"]
[Black "Swiercz, Dariusz"]
[Result "1-0"]
[WhiteTitle "GM"]
[BlackTitle "GM"]
[WhiteElo "2714"]
[BlackElo "2655"]
[WhiteFideId "4102142"]
[BlackFideId "1126881"]
[EventDate "2021.08.16"]
[PlyCount "69"]

1. e4 e5 2. Nf3 Nc6 3. Bb5 a6 4. Ba4 Nf6 5. O-O Be7 6. Re1 b5 7. Bb3 O-O 8. a4 Bb7 9. d3 d6 10. Nbd2 Nd7 11. c3 Nc5 12. axb5 axb5 13. Rxa8 Qxa8 14. Bc2 b4 15. d4 bxc3 16. bxc3 Nd7 17. Nf1 Qa1 18. Ne3 Qxc3 19. Nd5 Qa1 20. Re3 Qa7 21. Ba4 Bd8 22. Ra3 Qa6 23. Bc2 Na5 24. Bd2 c6 25. Ne3 Qb5 26. Bxa5 Bxa5 27. Bd3 Qb6 28. Nc4 Qb4 29. Rb3 Qa4 30. Nb2 Qa2 31. Rxb7 Nb6 32. Qb1 Qxb1+ 33. Bxb1 exd4 34. Nxd4 Bc3 35. Nxc6 1-0

[Event "8th Sinquefield Cup 2021"]
[Site "Saint Louis USA"]
[Date "2021.08.25"]
[Round "8"]
[White "Xiong, Jeffery"]
[Black "Mamedyarov, Shakhriyar"]
[Result "1/2-1/2"]
[WhiteTitle "GM"]
[BlackTitle "GM"]
[WhiteElo "2710"]
[BlackElo "2782"]
[WhiteFideId "2047640"]
[BlackFideId "13401319"]
[EventDate "2021.08.16"]
[PlyCount "67"]

1. c4 e6 2. Nc3 d5 3. d4 a6 4. cxd5 exd5 5. Bf4 Nf6 6. e3 c5 7. dxc5 Bxc5 8. Nf3 Nc6 9. Be2 O-O 10. O-O Re8 11. Rc1 h6 12. Qc2 Ba7 13. Rfd1 Be6 14. Ne5 Rc8 15. Bf3 Qa5 16. Qd3 Ne7 17. h3 Red8 18. Qe2 b5 19. a3 d4 20. exd4 Rxd4 21. Nd3 Rdd8 22. Nb4 Ng6 23. Be3 Rxd1+ 24. Rxd1 Bb8 25. Nc6 Rxc6 26. Bxc6 Qc7 27. f4 Nxf4 28. Qd2 Nd3 29. Qxd3 Qh2+ 30. Kf2 Qg3+ 31. Kg1 Qh2+ 32. Kf2 Qg3+ 33. Kg1 Qh2+ 34. Kf2 1/2-1/2

[Event "8th Sinquefield Cup 2021"]
[Site "Saint Louis USA"]
[Date "2021.08.25"]
[Round "8"]
[White "Caruana, Fabiano"]
[Black "Svidler, Peter"]
[Result "1/2-1/2"]
[WhiteTitle "GM"]
[BlackTitle "GM"]
[WhiteElo "2806"]
[BlackElo "2714"]
[WhiteFideId "2020009"]
[BlackFideId "4102142"]
[EventDate "2021.08.16"]
[PlyCount "84"]

1. e4 e5 2. Nf3 Nc6 3. Bc4 Bc5 4. c3 Nf6 5. d4 exd4 6. e5 d5 7. Bb5 Ne4 8. cxd4 Bb6 9. Nc3 O-O 10. Be3 Bg4 11. Qc2 Nxc3 12. bxc3 f6 13. Bxc6 bxc6 14. exf6 Qxf6 15. Ne5 Bf5 16. Qa4 c5 17. O-O cxd4 18. cxd4 c5 19. dxc5 Qxe5 20. cxb6 axb6 21. Qb4 Be4 22. Qxb6 Rf6 23. Qd4 Qxd4 24. Bxd4 Rfa6 25. f3 Bc2 26. Rae1 Ra4 27. Rf2 Bd3 28. Bc5 R8a5 29. Re8+ Kf7 30. Re7+ Kf6 31. Rc7 Rc4 32. Bd6 Ra6 33. Bg3 Rxc7 34. Bxc7 Bc4 35. Rb2 h5 36. Bb6 Ke5 37. Bc5 Rxa2 38. Rxa2 Bxa2 39. Bf8 Kf6 40. Bc5 Ke5 41. Bf8 Kf6 42. Bc5 Ke5 1/2-1/2

[Event "8th Sinquefield Cup 2021"]
[Site "Saint Louis USA"]
[Date "2021.08.25"]
[Round "8"]
[White "Swiercz, Dariusz"]
[Black "Rapport, Richard"]
[Result "1/2-1/2"]
[WhiteTitle "GM"]
[BlackTitle "GM"]
[WhiteElo "2655"]
[BlackElo "2763"]
[WhiteFideId "1126881"]
[BlackFideId "738590"]
[EventDate "2021.08.16"]
[PlyCount "99"]

1. d4 d5 2. Nf3 Nf6 3. Bf4 Bf5 4. e3 e6 5. Bd3 Bg6 6. c4 Bd6 7. Bg5 c6 8. Nc3 Nbd7 9. O-O Qb8 10. h3 Bh5 11. Re1 dxc4 12. Bxc4 h6 13. Bxf6 gxf6 14. Be2 Rg8 15. Nd2 Bxe2 16. Qxe2 Rg6 17. Nc4 Bb4 18. Rac1 Nb6 19. a3 Bxc3 20. Rxc3 Qd8 21. e4 Kf8 22. Rd1 Nxc4 23. Rxc4 Qd6 24. Qf3 Rd8 25. Rc3 Kg7 26. Rcd3 Qc7 27. Qe3 Qa5 28. b4 Qh5 29. Qf4 e5 30. dxe5 fxe5 31. Qc1 Rd4 32. Rxd4 Qxh3 33. g3 exd4 34. Rxd4 Qe6 35. Qc3 Qf6 36. Qe3 h5 37. e5 Qg5 38. Qxg5 Rxg5 39. Rd7 Rxe5 40. Rxb7 a5 41. Rc7 axb4 42. axb4 Rb5 43. Rxc6 Rxb4 44. Kg2 h4 45. gxh4 Rxh4 46. Kg3 Rb4 47. Kg2 Rh4 48. Kg3 Rb4 49. Kg2 Rh4 50. Kg3 1/2-1/2

[Event "8th Sinquefield Cup 2021"]
[Site "Saint Louis USA"]
[Date "2021.08.25"]
[Round "8"]
[White "Vachier-Lagrave, Maxime"]
[Black "So, Wesley"]
[Result "1/2-1/2"]
[WhiteTitle "GM"]
[BlackTitle "GM"]
[WhiteElo "2751"]
[BlackElo "2772"]
[WhiteFideId "623539"]
[BlackFideId "5202213"]
[EventDate "2021.08.16"]
[PlyCount "99"]

1. e4 e5 2. Nf3 Nc6 3. Bb5 Nf6 4. O-O Nxe4 5. Re1 Nd6 6. Nxe5 Be7 7. Bf1 Nxe5 8. Rxe5 O-O 9. Nc3 Ne8 10. d4 Bf6 11. Re1 d5 12. b3 c6 13. Ba3 Nd6 14. Qf3 Be6 15. Qf4 Be7 16. Bd3 Ne8 17. Bxe7 Qxe7 18. Re5 g6 19. Rae1 Ng7 20. Ne2 Rae8 21. Ng3 Qd6 22. Qf6 Qd8 23. Qxd8 Rxd8 24. h4 Rfe8 25. h5 f6 26. R5e3 Bf7 27. hxg6 hxg6 28. Rxe8+ Rxe8 29. Rxe8+ Nxe8 30. f3 Nd6 31. Kf2 Kg7 32. Ke3 Be6 33. Ne2 g5 34. g4 f5 35. f4 Kf6 36. fxg5+ Kxg5 37. gxf5 Bxf5 38. c4 Bxd3 39. Kxd3 dxc4+ 40. bxc4 Kf5 41. Nc3 Ke6 42. a4 b6 43. a5 bxa5 44. d5+ cxd5 45. Nxd5 Nxc4 46. Kxc4 a4 47. Nf4+ Kf5 48. Kb4 a5+ 49. Kxa4 Kxf4 50. Kxa5 1/2-1/2

[Event "8th Sinquefield Cup 2021"]
[Site "Saint Louis USA"]
[Date "2021.08.26"]
[Round "9"]
[White "Shankland, Sam"]
[Black "Swiercz, Dariusz"]
[Result "1/2-1/2"]
[WhiteTitle "GM"]
[BlackTitle "GM"]
[WhiteElo "2709"]
[BlackElo "2655"]
[WhiteFideId "2004887"]
[BlackFideId "1126881"]
[EventDate "2021.08.16"]
[PlyCount "86"]

1. Nf3 d5 2. g3 Nf6 3. Bg2 c6 4. c4 dxc4 5. O-O Nbd7 6. Qc2 Nb6 7. a4 a5 8. Na3 Be6 9. Ng5 Qd7 10. e4 Bg4 11. Nxc4 Nxc4 12. Qxc4 e5 13. b3 Bb4 14. Bb2 h6 15. Nf3 Bxf3 16. Bxf3 Qe7 17. Rad1 O-O 18. d4 exd4 19. Rxd4 Nd7 20. Be2 Rad8 21. Rfd1 Nc5 22. Qc2 Rxd4 23. Rxd4 Rd8 24. e5 Rxd4 25. Bxd4 Ne6 26. Bb2 Qc5 27. Qc4 Qxc4 28. Bxc4 Nc5 29. Kf1 b5 30. axb5 cxb5 31. Bxb5 Nxb3 32. Ke2 Nc5 33. Bd4 a4 34. Bxc5 Bxc5 35. Bxa4 Kf8 36. Bb3 Ke7 37. f4 f6 38. e6 f5 39. Kf3 h5 40. Kg2 Kf6 41. Kf3 Ke7 42. Kg2 Kf6 43. Kf3 Ke7 1/2-1/2

[Event "8th Sinquefield Cup 2021"]
[Site "Saint Louis USA"]
[Date "2021.08.26"]
[Round "9"]
[White "So, Wesley"]
[Black "Dominguez Perez, Leinier"]
[Result "1/2-1/2"]
[WhiteTitle "GM"]
[BlackTitle "GM"]
[WhiteElo "2772"]
[BlackElo "2758"]
[WhiteFideId "5202213"]
[BlackFideId "3503240"]
[EventDate "2021.08.16"]
[PlyCount "69"]

1. d4 d5 2. c4 dxc4 3. Nf3 Nf6 4. e3 e6 5. Bxc4 a6 6. O-O c5 7. dxc5 Bxc5 8. Qxd8+ Kxd8 9. Be2 Ke7 10. Nc3 b5 11. Nd2 Bb7 12. Nb3 Nbd7 13. Na5 Rab8 14. Bd2 Ne4 15. Nxe4 Bxe4 16. Rfc1 Rhc8 17. a4 bxa4 18. Bxa6 Rc7 19. Bc3 Bd6 20. Rxa4 Nc5 21. Bb4 Bd5 22. Bf1 Rcc8 23. Bxc5 Rxc5 24. Rxc5 Bxc5 25. Nc4 Bxc4 26. Rxc4 Bd6 27. Rc2 Be5 28. g3 Rxb2 29. Rxb2 Bxb2 30. h4 h6 31. Bd3 Bc3 32. Bc2 Bb2 33. Bd3 Bc3 34. Bc2 Bb2 35. Bd3 1/2-1/2

[Event "8th Sinquefield Cup 2021"]
[Site "Saint Louis USA"]
[Date "2021.08.26"]
[Round "9"]
[White "Svidler, Peter"]
[Black "Xiong, Jeffery"]
[Result "1/2-1/2"]
[WhiteTitle "GM"]
[BlackTitle "GM"]
[WhiteElo "2714"]
[BlackElo "2710"]
[WhiteFideId "4102142"]
[BlackFideId "2047640"]
[EventDate "2021.08.16"]
[PlyCount "87"]

1. e4 e5 2. Nf3 Nc6 3. Bc4 Nf6 4. d3 h6 5. a4 d6 6. Nc3 g5 7. Be3 Bg7 8. h4 g4 9. Nh2 Ne7 10. Qe2 c6 11. d4 exd4 12. Bxd4 Ng6 13. O-O-O Qe7 14. Bxf6 Bxf6 15. Nxg4 Bxh4 16. Ne3 Bf6 17. Qd2 h5 18. Kb1 h4 19. Rhe1 Bg5 20. Qxd6 Qxd6 21. Rxd6 Ne5 22. Bb3 h3 23. gxh3 Bxh3 24. Nf5 Rd8 25. Ka2 Rxd6 26. Nxd6+ Ke7 27. Nxb7 Bc8 28. Nc5 Rh2 29. Rg1 f6 30. f4 Bxf4 31. Rg8 Be3 32. Nd3 Nxd3 33. cxd3 Ba6 34. Rg7+ Kd6 35. Bc4 Bxc4+ 36. dxc4 a5 37. Rf7 Bd4 38. Kb3 Rh4 39. Rf8 Kc5 40. Ra8 Kb6 41. Rb8+ Kc5 42. Ra8 Kb6 43. Rb8+ Kc5 44. Ra8 1/2-1/2

[Event "8th Sinquefield Cup 2021"]
[Site "Saint Louis USA"]
[Date "2021.08.26"]
[Round "9"]
[White "Rapport, Richard"]
[Black "Caruana, Fabiano"]
[Result "1/2-1/2"]
[WhiteTitle "GM"]
[BlackTitle "GM"]
[WhiteElo "2763"]
[BlackElo "2806"]
[WhiteFideId "738590"]
[BlackFideId "2020009"]
[EventDate "2021.08.16"]
[PlyCount "123"]

1. e4 c5 2. Nf3 e6 3. d4 cxd4 4. Nxd4 Nc6 5. Bf4 d6 6. Nxc6 bxc6 7. c4 Rb8 8. Qc2 e5 9. Be3 Nf6 10. Nc3 Qc7 11. Be2 Be7 12. O-O O-O 13. Rac1 Be6 14. b3 h6 15. h3 a5 16. Rfd1 Rfd8 17. Bf3 Nh7 18. Qe2 Bg5 19. Rd3 Qe7 20. Rcd1 Rd7 21. Bd2 Bxd2 22. Qxd2 Ng5 23. Be2 Rbd8 24. Qe3 f5 25. c5 d5 26. exd5 Bxd5 27. f4 Ne4 28. Nxd5 cxd5 29. c6 d4 30. Qc1 Rc7 31. fxe5 Qxe5 32. Qc4+ Kh7 33. Bf3 Ng5 34. h4 Nxf3+ 35. Rxf3 Rd5 36. h5 Qe4 37. Rdf1 d3 38. Rf4 Qe6 39. Rxf5 Qe3+ 40. Kh2 Rd4 41. Re1 Rxc4 42. Rxe3 Rd4 43. Rf1 d2 44. Rd1 Rxc6 45. Re2 Rc2 46. a3 Rd5 47. Kg3 Rc3+ 48. Kh4 Rd4+ 49. g4 Rdd3 50. Rh2 Rc2 51. b4 a4 52. b5 Rb2 53. Rh3 Rd6 54. Rh2 Ra2 55. Rg2 Kg8 56. Rh2 Kf7 57. Re2 Rb2 58. Rf1+ Rf6 59. Rd1 Rd6 60. Rf1+ Rf6 61. Rd1 Rd6 62. Rf1+ 1/2-1/2